[Event "Montreal Mercredi 08"]
[Site "Montreal"]
[Date "2011.09.07"]
[Round "2"]
[White "Gagnon, Serge"]
[Black "Levkovsky, Alexandre"]
[Result "0-1"]
[WhiteElo "2108"]
[BlackElo "2256"]
[PlyCount "62"]
[EventDate "2011.08.31"]
[EventType "swiss"]
[EventRounds "5"]
[EventCountry "CAN"]
[SourceTitle "EXT 2022"]
[Source "ChessBase"]
[SourceDate "2021.10.06"]
[SourceVersion "1"]
[SourceVersionDate "2021.10.06"]
[SourceQuality "1"]

1. d4 d5 2. c4 e5 3. dxe5 d4 4. Nf3 Nc6 5. Bf4 Be6 6. Nbd2 Nge7 7. Qa4 Ng6 8. Bg3 Bc5 9. 0-0-0 Qe7 10. h4 Bd7 11. Qc2 Ngxe5 12. Nxe5 Nxe5 13. Nf3 Nc6 14. a3 a5 15. Ng5 h6 16. Nh3 g5 17. f3 0-0-0 18. Nf2 f5 19. Nd3 f4 20. Bf2 Kb8 21. g3 fxg3 22. Bxg3 Bf5 23. Bh3 Qe3+ 24. Kb1 Bg6 25. Ka2 Rhe8 26. hxg5 hxg5 27. Rh2 Bd6 28. Bxd6 Rxd6 29. Qb3 Ne5 30. Qb5 Rb6 31. Qxe8+ Bxe8 0-1

[Event "Montreal Mercredi 05"]
[Site "Montreal"]
[Date "2011.06.08"]
[Round "4"]
[White "Plante, Michel"]
[Black "Levkovsky, Alexandre"]
[Result "0-1"]
[WhiteElo "2072"]
[BlackElo "2241"]
[PlyCount "92"]
[EventDate "2011.05.18"]
[EventType "swiss"]
[EventRounds "5"]
[EventCountry "CAN"]
[SourceTitle "EXT 2022"]
[Source "ChessBase"]
[SourceDate "2021.10.06"]
[SourceVersion "1"]
[SourceVersionDate "2021.10.06"]
[SourceQuality "1"]

1. d4 Nf6 2. Nc3 d5 3. Bg5 h6 4. Bxf6 exf6 5. e3 Bb4 6. a3 Bxc3+ 7. bxc3 Be6 8. g3 c6 9. Bg2 0-0 10. Ne2 Re8 11. 0-0 Nd7 12. c4 dxc4 13. d5 cxd5 14. Bxd5 Bxd5 15. Nf4 Nc5 16. Qxd5 Qxd5 17. Nxd5 Rad8 18. Rfd1 Rd7 19. Rd4 Re4 20. Rad1 Rxd4 21. Rxd4 f5 22. a4 Kf8 23. a5 Ne6 24. Rd1 Nc7 25. Nc3 Rxd1+ 26. Nxd1 Nd5 27. Kf1 Ke7 28. Nb2 b5 29. axb6 Nxb6 30. Ke2 Kd6 31. Kd2 Kc5 32. c3 Nd7 33. h3 Nf6 34. f3 a5 35. g4 fxg4 36. hxg4 g6 37. Nd1 h5 38. g5 Nd7 39. Nf2 f5 40. gxf6 Nxf6 41. Nh3 Nh7 42. f4 g5 43. f5 Kd5 44. Nf2 Nf6 45. e4+ Ke5 46. Ke2 a4 0-1

[Event "Montreal Mercredi 05"]
[Site "Montreal"]
[Date "2011.06.01"]
[Round "3"]
[White "Levkovsky, Alexandre"]
[Black "Chiku Ratte, Olivier Kenta"]
[Result "1/2-1/2"]
[WhiteElo "2241"]
[BlackElo "2042"]
[PlyCount "100"]
[EventDate "2011.05.18"]
[EventType "swiss"]
[EventRounds "5"]
[EventCountry "CAN"]
[SourceTitle "EXT 2022"]
[Source "ChessBase"]
[SourceDate "2021.10.06"]
[SourceVersion "1"]
[SourceVersionDate "2021.10.06"]
[SourceQuality "1"]

1. e4 c5 2. Nc3 Nc6 3. g3 g6 4. Bg2 Bg7 5. Nge2 d6 6. d3 e6 7. h4 h5 8. Bg5 Nge7 9. 0-0 0-0 10. a3 Rb8 11. Rb1 e5 12. Nd5 f6 13. Be3 Nxd5 14. exd5 Nd4 15. b4 Bf5 16. bxc5 dxc5 17. c3 Nxe2+ 18. Qxe2 Qd6 19. c4 Bd7 20. Qd2 b6 21. f4 Kh7 22. fxe5 fxe5 23. Be4 Bh3 24. Bg2 Bf5 25. Kh2 Qd7 26. Rf2 Qa4 27. Rbf1 Rf7 28. Be4 Rbf8 29. Qd1 Qd7 30. Qe2 Bg4 31. Rxf7 Rxf7 32. Rxf7 Qxf7 33. Qe1 Bf5 34. Bg5 Bf8 35. Qf2 Kg8 36. Kg1 Bxe4 37. Qxf7+ Kxf7 38. dxe4 a6 39. a4 Be7 40. Bd2 a5 41. Kg2 Bf6 42. Kh3 Ke7 43. Kg2 Kd7 44. Kf3 Be7 45. Bh6 Bf6 46. Bd2 Be7 47. Be3 Bf6 48. Bh6 Ke7 49. Ke2 Bh8 50. Kf3 Bf6 1/2-1/2

[Event "Montreal Mercredi 04"]
[Site "Montreal"]
[Date "2011.04.27"]
[Round "4"]
[White "Levkovsky, Alexandre"]
[Black "Dumont, Felix"]
[Result "1/2-1/2"]
[WhiteElo "2253"]
[BlackElo "1996"]
[PlyCount "86"]
[EventDate "2011.04.06"]
[EventType "tourn"]
[EventRounds "5"]
[EventCountry "CAN"]
[SourceTitle "EXT 2013"]
[Source "ChessBase"]
[SourceDate "2012.11.22"]
[SourceVersion "1"]
[SourceVersionDate "2012.11.22"]
[SourceQuality "1"]

1. e4 c5 2. Nf3 d6 3. d4 cxd4 4. Nxd4 Nf6 5. Nc3 Nc6 6. Be2 e5 7. Nb3 Be7 8. 0-0 0-0 9. Be3 a5 10. a4 Nb4 11. f4 Be6 12. f5 Bxb3 13. cxb3 d5 14. exd5 Nfxd5 15. Bf2 Nf4 16. Bc4 Nfd3 17. Be3 Nxb2 18. Qxd8 Rfxd8 19. Bb6 Rdc8 20. Nd5 Bd6 21. Bf2 Nxc4 22. bxc4 Bc5 23. Rab1 Bxf2+ 24. Rxf2 Nxd5 25. cxd5 Rd8 26. Rb5 Rd6 27. Rc2 h5 28. Rcc5 Rad8 29. Rxb7 Rxd5 30. Rxd5 Rxd5 31. Rb5 Rd4 32. Rxa5 f6 33. g3 Kh7 34. h4 Rd3 35. Kf2 Rd2+ 36. Kf3 Rd3+ 37. Kf2 Rd2+ 38. Ke3 Rg2 39. Kf3 Ra2 40. Ra8 Ra3+ 41. Kg2 Ra2+ 42. Kf3 Ra3+ 43. Kf2 Ra2+ 1/2-1/2